000 00536cam a2200157 4500500
005 20260322014316.0
041 _afre
042 _adc
100 1 0 _aDraye, Micheline
_eauthor
700 1 0 _aDuwald, Romain
_eauthor
245 0 0 _aRecycling of Waste Electrical and Electronic Equipment (WEEE)
260 _c2026.
500 _a47
786 0 _nElectronics | - | 2026-03-05 | p. 18-18
856 4 1 _uhttps://stm.cairn.info/materials-for-electronics-and-associated-devices--bdti42271210-m7070-page-17?lang=en&redirect-ssocas=7080
999 _c1788060
_d1788060